| 000 | 00543nam a22001697a 4500 | ||
|---|---|---|---|
| 005 | 20251108173615.0 | ||
| 008 | 250721s2005 xx 000 0 ara d | ||
| 082 | 1 | 4 | _a616.08/حجا |
| 100 | 1 | _aحجار، محمد حمدي | |
| 245 | 1 | 0 | _aالعلاج النفسي الحديث للادمان على المخدرات والمؤثرات العقلية / |
| 264 | 1 |
_aبيروت : _bمؤسسة الرسالة، _c2005. |
|
| 300 | _a311ص. | ||
| 650 | 1 | 7 | _aمخدرات |
| 650 | 1 | 7 | _aعلاج نفسي |
| 942 |
_2ddc _cBK |
||
| 999 |
_c108011 _d108011 |
||